000 00596nab a2200181 4500
001 244442
003 OSt
005 20240702074803.0
007 tu
008 200917s2020|||||||
040 _aDE-2950
_cDE-2950
245 0 0 _aGedenktafel für moderne Literaten
_bEinweihung. Einst wohnten in einer Pension in der Gubener Straße Gottfried Benn und Klabund, woran nun erinnert wird/
_chk
264 _c2024
653 _aFrankfurt (Oder)
653 _aGottfried Benn, Klabund
773 0 _g35. Jahrgang (2024) Nr. 146 vom 25.06.2024, S. 13, mit Foto
_tMärkische Oderzeitung
942 _2z
_cA
999 _c373222
_d373222